=LDR 00000nam 2200000 4500 =001 INLIS000000000002728 =005 20130612091042 =008 ***********************************Ind** =035 ##$$0010-061300000002728 =041 ##$$a Ind =082 ##$$a 133.4 =090 ##$$a 133.4, Sub d =100 ##$$a Subroto, Joko =245 ##$$a Dialog seputar kekuatan gaib, oleh Djoko Subroto =260 ##$$a 1999 $b Solo =300 ##$$a 112 hlm, ilus, 21 cm =650 ##$$a Gaib, Kekuatan =850 ##$$a NBPNMAT